Nursing research and evidence-based practice : (Record no. 20192)
[ view plain ]
| 000 -LEADER | |
|---|---|
| fixed length control field | 02233cam a22002895a 4500 |
| 001 - CONTROL NUMBER | |
| control field | 16215605 |
| 005 - DATE AND TIME OF LATEST TRANSACTION | |
| control field | 20151026111435.0 |
| 008 - FIXED-LENGTH DATA ELEMENTS--GENERAL INFORMATION | |
| fixed length control field | 100430t2011 maua frb 001 0 eng d |
| 020 ## - INTERNATIONAL STANDARD BOOK NUMBER | |
| International Standard Book Number | 9780763780586 (pbk.) |
| 020 ## - INTERNATIONAL STANDARD BOOK NUMBER | |
| International Standard Book Number | 0763780588 (pbk.) |
| 040 ## - CATALOGING SOURCE | |
| Original cataloging agency | DNLM/DLC |
| Transcribing agency | DLC |
| Modifying agency | YDX |
| -- | NLM |
| -- | YDXCP |
| -- | CDX |
| -- | BTN |
| -- | DLC |
| -- | EG-ScBUE |
| Language of cataloging | eng |
| 082 04 - DEWEY DECIMAL CLASSIFICATION NUMBER | |
| Classification number | 610.73072 |
| Edition number | 22 |
| Item number | KEE |
| 100 1# - MAIN ENTRY--PERSONAL NAME | |
| Personal name | Keele, Rebecca. |
| 9 (RLIN) | 38574 |
| 245 10 - TITLE STATEMENT | |
| Title | Nursing research and evidence-based practice : |
| Remainder of title | ten steps to success / |
| Statement of responsibility, etc | Rebecca Keele. |
| 260 ## - PUBLICATION, DISTRIBUTION, ETC. (IMPRINT) | |
| Place of publication, distribution, etc | Sudbury : |
| Name of publisher, distributor, etc | Jones & Bartlett Learning, |
| Date of publication, distribution, etc | c.2011. |
| 300 ## - PHYSICAL DESCRIPTION | |
| Extent | xi, 273 p. : |
| Other physical details | ill. ; |
| Dimensions | 23 cm. |
| 500 ## - GENERAL NOTE | |
| General note | Index : p. 265-273.<br/> |
| 504 ## - BIBLIOGRAPHY, ETC. NOTE | |
| Bibliography, etc | Includes bibliographical references. |
| 505 0# - FORMATTED CONTENTS NOTE | |
| Formatted contents note | Beginning tips on surviving nursing research and evidence-based nursing practice -- The quantitative research process -- Quantitative versus qualitative research or both? -- Data analysis -- Implementing evidence-based nursing practice : an overview -- Reading and critically analyzing empirical research studies -- Now it's your turn to analyze research -- Ethics in research and evidence-based nursing practice -- Evidence-based nursing practice projects : putting it all together -- Planned change in evidence-based nursing practice. |
| 520 1# - SUMMARY, ETC. | |
| Summary, etc | "Nursing Research and Evidence-Based Practice: Ten Steps to Success offers a unique approach to learning about nursing research, particularly evidence-based nursing practice. It is ideal for nursing students and practicing nurses who need to understand the language and significance of research and how to translate it into evidence-based practice. This innovative text provides a step-by-step guide on how to develop evidence-based practice proposals for the real world and focuses on analyzing all forms of evidence. With chapter objectives, tables, algorithms, and real-life examples of full evidence-based nursing practice proposals, Nursing Research and Evidence-Based Practice: Ten Steps to Success is the essential "how-to" reference."--BOOK JACKET. |
| 590 ## - LOCAL NOTE (RLIN) | |
| Local note | SAMEH |
| 650 #7 - SUBJECT ADDED ENTRY--TOPICAL TERM | |
| Topical term or geographic name as entry element | Nursing |
| General subdivision | Research |
| -- | Methodology. |
| Source of heading or term | BUEsh |
| 9 (RLIN) | 36305 |
| 650 #7 - SUBJECT ADDED ENTRY--TOPICAL TERM | |
| Topical term or geographic name as entry element | Evidence-based nursing. |
| Source of heading or term | BUEsh |
| 9 (RLIN) | 27247 |
| 651 ## - SUBJECT ADDED ENTRY--GEOGRAPHIC NAME | |
| Source of heading or term | BUEsh |
| 653 ## - INDEX TERM--UNCONTROLLED | |
| Resource For college | Nursing |
| Arrived date list | July2015 |
| -- | October2015 |
| 942 ## - ADDED ENTRY ELEMENTS (KOHA) | |
| Source of classification or shelving scheme | Dewey Decimal Classification |
| Withdrawn status | Lost status | Source of classification or shelving scheme | Damaged status | Not for loan | Koha collection | Home library | Current library | Shelving location | Date acquired | Source of acquisition | Cost, normal purchase price | Serial Enumeration / chronology | Total Checkouts | Total Renewals | Full call number | Barcode | Date last seen | Date last borrowed | Cost, replacement price | Koha item type |
|---|---|---|---|---|---|---|---|---|---|---|---|---|---|---|---|---|---|---|---|---|
| Dewey Decimal Classification | Baccah | Central Library | Central Library | First floor | 06/07/2015 | Purchase | 392.00 | 22353 | 12 | 68 | 610.73072 KEE | 000039343 | 15/07/2025 | 10/05/2025 | 490.00 | Book - Borrowing |